Vlachanské novinky spravodaj

Podrobná bibliografia
Médium: Časopis
Jazyk:slovenčina
Fyzický popis:16 zv. 30 cm
Vydavateľské údaje: Vlachy Obecný úrad 2006-2022
ISSN:1339-3359
Predmet:
On-line prístup:https://www.obecvlachy.sk/vlachanske-noviny/

MARC

LEADER 00000cas a2200000 a 4500
001 vtls008852496
005 20260331115313.0
008 061005d20062022xo x|p 0 b0slo
022 |a 1339-3359 
040 |a SNK  |b slo  |c SNK  |e AACR2 
041 0 |a slo 
043 |a e-xo--- 
044 |a xo  |c SK 
072 7 |a 352/354  |x Stupne miestnej, oblastnej a ústrednej správy  |2 konspekt 
072 7 |a 316.7  |x Sociológia kultúry. Kultúrny život  |2 konspekt 
072 7 |a 394  |x Verejný a spoločenský život. Každodenný život  |2 konspekt 
080 |a 353.9  |2 2011 
080 |a 316.728  |2 2011 
080 |a 394  |2 2011 
080 |a 050  |2 2011 
080 |a (437.641)  |2 2011 
080 |a (051)+(054)  |2 2011 
210 0 |a Vlachanské nov. 
222 0 |a Vlachanské noviny 
245 0 0 |a Vlachanské novinky  |b spravodaj 
246 1 3 |a Vlachanské noviny  |b spravodaj  |f 2/2009-2022 
260 |a Vlachy  |b Obecný úrad  |c 2006-2022 
300 |a 16 zv.  |c 30 cm 
310 |a Nepravidelne 
321 |a 3x ročne  |b 2006, 2010, 2013-2014 
321 |a 4x ročne  |b 2007-2008, 2011 
321 |a 2x ročne  |b 2009, 2015, 2016, 2017-2019 
362 0 |a Roč. 1, č. 1 (2006)-roč. 12, č. 2 (2017) ; roč. 13, č. 1 (2019)-roč. 16, č. 1 (2022)  |z SKP 
500 |a V r. 2018 vydávanie prerušené 
500 |a Registračné č.: RP184/2006 ; EV 4057/10 
650 0 7 |a územná samospráva  |2 SNKPH  |9 802 
650 0 7 |a každodenný život  |2 SNKPH  |9 4946 
651 7 |a Vlachy (Slovensko)  |2 SNKPHgeo  |9 160058 
655 7 |a miestne periodiká  |2 SNKPH  |9 160938 
856 4 1 |u https://www.obecvlachy.sk/vlachanske-noviny/ 
999 |c 5201  |d 7131 
952 |t č. 1-3  |a SNK  |b SNK  |y PREZ  |7 0  |p 17A1368941  |o snkČSB 7153/1/2006  |i snk2019/17362  |8 0  |z Spoločne zviazané r. 2006-2010  |3 Spoločne zviazané r. 2006-2010  |0 0  |1 0  |4 0  |d 2019-06-26  |l 0  |r 2026-02-21 22:14:59  |w 2026-02-21 
952 |t č. 1-4, neúplné  |a SNK  |b SNK  |y PREZ  |7 0  |p 17A1368942  |o snkČSB 7153/2/2007  |i snk2019/17362  |8 0  |z Chýba č. 4. ; Spoločne zviazané r. 2006-2010  |3 Spoločne zviazané r. 2006-2010  |0 0  |1 0  |4 0  |d 2019-06-26  |l 0  |r 2026-02-21 22:14:59  |w 2026-02-21 
952 |t č. 1-4, neúplné  |a SNK  |b SNK  |y PREZ  |7 0  |p 17A1368943  |o snkČSB 7153/3/2008  |i snk2019/17362  |8 0  |z Chýba č. 4. ; Spoločne zviazané r. 2006-2010  |3 Spoločne zviazané r. 2006-2010  |0 0  |1 0  |4 0  |d 2019-06-26  |l 0  |r 2026-02-21 22:14:59  |w 2026-02-21 
952 |t č. 1-2, neúplné  |a SNK  |b SNK  |y PREZ  |7 0  |p 17A1368944  |o snkČSB 7153/4/2009  |i snk2019/17362  |8 0  |z Chýba č. 2. ; Spoločne zviazané r. 2006-2010  |3 Spoločne zviazané r. 2006-2010  |0 0  |1 0  |4 0  |d 2019-06-26  |l 0  |r 2026-02-21 22:14:59  |w 2026-02-21 
952 |t č. 1-3, neúplné  |a SNK  |b SNK  |y PREZ  |7 0  |p 17A1368945  |o snkČSB 7153/5/2010  |i snk2019/17362  |8 0  |z Chýba č. 2. ; Spoločne zviazané r. 2006-2010  |3 Spoločne zviazané r. 2006-2010  |0 0  |1 0  |4 0  |d 2019-06-26  |l 0  |r 2026-02-21 22:14:59  |w 2026-02-21 
952 |t č. 1-4, neúplné  |a SNK  |b SNK  |y PREZ  |7 0  |p 17A1368946  |o snkČSB 7153/6/2011  |i snk2019/17362  |8 0  |z Chýba č. 2-4. ; Spoločne zviazané r. 2011,2013-2017  |3 Spoločne zviazané r. 2011,2013-2017  |0 0  |1 0  |4 0  |d 2019-06-26  |l 0  |r 2026-02-21 22:14:59  |w 2026-02-21 
952 |t č. 1-3  |a SNK  |b SNK  |y PREZ  |7 0  |p 17A1368947  |o snkČSB 7153/8/2013  |i snk2019/17362  |8 0  |z Spoločne zviazané r. 2011,2013-2017  |3 Spoločne zviazané r. 2011,2013-2017  |0 0  |1 0  |4 0  |d 2019-06-26  |l 0  |r 2026-02-21 22:14:59  |w 2026-02-21 
952 |t č. 1-3  |a SNK  |b SNK  |y PREZ  |7 0  |p 17A1368948  |o snkČSB 7153/9/2014  |i snk2019/17362  |8 0  |z Spoločne zviazané r. 2011,2013-2017  |3 Spoločne zviazané r. 2011,2013-2017  |0 0  |1 0  |4 0  |d 2019-06-26  |l 0  |r 2026-02-21 22:14:59  |w 2026-02-21 
952 |t č. 1-2, neúplné  |a SNK  |b SNK  |y PREZ  |7 0  |p 17A1368949  |o snkČSB 7153/10/2015  |i snk2019/17362  |8 0  |z Chýba č. 2. ; Spoločne zviazané r. 2011,2013-2017  |3 Spoločne zviazané r. 2011,2013-2017  |0 0  |1 0  |4 0  |d 2019-06-26  |l 0  |r 2026-02-21 22:15:00  |w 2026-02-21 
952 |t č. 1-2  |a SNK  |b SNK  |y PREZ  |7 0  |p 17A1368950  |o snkČSB 7153/11/2016  |i snk2019/17362  |8 0  |z Spoločne zviazané r. 2011,2013-2017  |3 Spoločne zviazané r. 2011,2013-2017  |0 0  |1 0  |4 0  |d 2019-06-26  |l 0  |r 2026-02-21 22:15:00  |w 2026-02-21 
952 |t č. 1-2  |a SNK  |b SNK  |y PREZ  |7 0  |p 17A1368951  |o snkČSB 7153/12/2017  |i snk2019/17362  |8 0  |z Spoločne zviazané r. 2011,2013-2017  |3 Spoločne zviazané r. 2011,2013-2017  |0 0  |1 0  |4 0  |d 2019-06-26  |l 0  |r 2026-02-21 22:15:00  |w 2026-02-21 
952 |t 1  |a SNK  |b SNK  |c SNK_KF  |y PREZ  |7 8  |p 17A1559234  |o snkČSB 7153/13/2019  |i snk2026/4301  |h č. 1-2  |8 0  |0 0  |1 0  |2 udc  |4 0  |d 2026-03-25  |l 0  |r 2026-03-25 09:30:47  |w 2026-03-25 
952 |t 1  |a SNK  |b SNK  |c SNK_KF  |y PREZ  |7 8  |p 17A1559235  |o snkČSB 7153/14/2020  |i snk2026/4303  |h č. 1  |8 0  |0 0  |1 0  |2 udc  |4 0  |d 2026-03-25  |l 0  |r 2026-03-25 09:34:39  |w 2026-03-25 
952 |t 1  |a SNK  |b SNK  |c SNK_KF  |y PREZ  |7 8  |p 17A1559236  |o snkČSB 7153/15/2021  |i snk2026/4304  |h č. 1  |8 0  |0 0  |1 0  |2 udc  |4 0  |d 2026-03-25  |l 0  |r 2026-03-25 09:36:32  |w 2026-03-25